[Event "FRA-chT2 North 0809"]
[Site "France"]
[Date "2008.11.23"]
[Round "3.8"]
[White "Lefort, Sophie"]
[Black "Rodange, Barbara"]
[Result "0-1"]
[WhiteElo "1390"]
[BlackElo "1712"]
[PlyCount "142"]
[EventDate "2008.10.19"]
[EventType "team-tourn"]
[EventRounds "11"]
[EventCountry "FRA"]
[SourceTitle "EXT 2010"]
[Source "ChessBase"]
[SourceDate "2010.11.25"]
[SourceVersion "1"]
[SourceVersionDate "2010.11.25"]
[SourceQuality "1"]
[WhiteTeam "Saint Mande"]
[BlackTeam "Gonfreville II"]
[WhiteTeamCountry "FRA"]
[BlackTeamCountry "FRA"]

1. e4 d5 2. exd5 Nf6 3. d4 Nxd5 4. Nf3 Bg4 5. c4 Nb6 6. Nc3 e6 7. a3 Nc6 8. Be3 Rb8 9. c5 Nd5 10. Nxd5 Qxd5 11. Be2 Be7 12. 0-0 0-0 13. Qd2 Bf6 14. Rad1 Rfd8 15. Bf4 Rbc8 16. h3 Bxf3 17. Bxf3 Qxd4 18. Qxd4 Nxd4 19. Bg4 Rd5 20. Be3 Rcd8 21. b4 R8d7 22. Rc1 Nb3 23. Rc4 Nd2 24. Bxd2 Rxd2 25. c6 bxc6 26. Rxc6 R2d6 27. Rc2 Ra6 28. Ra2 Rd3 29. a4 Rb3 30. b5 Ra5 31. Be2 Rb4 32. Rc1 Be5 33. Rd2 g6 34. Rd8+ Kg7 35. Bd1 Bf4 36. Ra1 Rbxb5 37. g3 Bd6 38. Ra8 Rd5 39. Be2 Bc5 40. g4 Rd2 41. Kf1 Bd4 42. Ra3 Re5 43. Rd3 Rexe2 44. Rxd4 Rxf2+ 45. Ke1 Rxd4 46. Kxf2 Rxa4 47. Ke2 Ra2+ 48. Ke3 a5 49. Kd3 Ra3+ 50. Ke2 a4 51. Kd2 Kf6 52. Ra5 Rxh3 53. Rxa4 Rg3 54. Ke2 Kg5 55. Ra7 Rxg4 56. Rxc7 Rf4 57. Rc5+ Kg4 58. Rc8 h5 59. Rh8 h4 60. Ke3 g5 61. Rh6 h3 62. Rh7 Kg3 63. Rg7 g4 64. Rh7 Rf3+ 65. Ke4 h2 66. Ke5 Rf1 67. Rh5 h1Q 68. Rxh1 Rxh1 69. Kf6 Kf3 70. Ke5 g3 71. Kf6 g2 0-1